[Event "Mindsports"]
[Site "Beijing CHN"]
[Date "2008.10.11"]
[EventDate "2008.10.09"]
[Round "8"]
[Result "0-1"]
[White "Kieu Thien Kim Le"]
[Black "Elisabeth Paehtz"]
[WhiteElo "2291"]
[BlackElo "2471"]
[PlyCount "158"]

1. e4 c5 2. Nf3 Nf6 3. e5 Nd5 4. d4 cxd4 5. Qxd4 e6 6. Bc4 Nc6
7. Qe4 f5 8. exf6 Nxf6 9. Qe2 Be7 10. O-O O-O 11. c3 Qc7
12. Nbd2 d5 13. Bb3 Bd6 14. Rd1 Bd7 15. Nf1 Rae8 16. Ng3 Kh8
17. Bg5 Na5 18. Bc2 a6 19. a4 Nc4 20. Bd3 Ne5 21. Nxe5 Bxe5
22. Bc2 Bc6 23. Re1 Bf4 24. Bxf4 Qxf4 25. Qe3 Qh4 26. h3 e5
27. Nf5 Qh5 28. Qg3 g6 29. Ne3 Qh6 30. c4 d4 31. Nd5 Bxd5
32. cxd5 e4 33. d6 Nh5 34. Qh4 d3 35. Bxd3 g5 36. Qg4 Nf6
37. Qf5 exd3 38. d7 Rd8 39. Re7 Qg6 40. Qe5 d2 41. Rd1 g4
42. hxg4 Qc2 43. Qe2 Rxd7 44. Rxd7 Nxd7 45. Rxd2 Qc6 46. Qd3
Ne5 47. Qd4 Qf6 48. g5 Qg7 49. f4 Nc6 50. Qe4 Qf7 51. g3 Qf5
52. Qf3 Qc5+ 53. Kg2 Qe7 54. Re2 Qg7 55. Rd2 Qe7 56. Re2 Qd6
57. Qc3+ Qd4 58. Qc2 Rd8 59. f5 Qd5+ 60. Kh2 Nd4 61. Qc3 Qxf5
62. Rd2 Qe5 63. Kg2 Qe4+ 64. Kh2 Kg8 65. Qc4+ Kh8 66. Qc3 Qe5
67. Kg2 Kg7 68. Rd3 Rd7 69. Re3 Qxg5 70. Re4 Qd5 71. Qd3 Nf5
72. Qf3 Qd2+ 73. Kh3 Qh6+ 74. Kg2 Qf6 75. Rg4+ Kh8 76. Qe2 Re7
77. Qd2 Ne3+ 78. Kh3 Nxg4 79. Qd8+ Kg7 0-1

[Event "Women's Olympiad"]
[Site "Dresden GER"]
[Date "2008.11.17"]
[EventDate "2008.11.13"]
[Round "5"]
[Result "1/2-1/2"]
[White "Elisabeth Paehtz"]
[Black "Yelena Dembo"]
[WhiteElo "2471"]
[BlackElo "2446"]
[PlyCount "60"]

1. b3 e5 2. Bb2 Nc6 3. e3 Nf6 4. Bb5 Bd6 5. Na3 Na5 6. Be2 a6
7. c4 O-O 8. Nc2 c5 9. d4 exd4 10. exd4 Nc6 11. Nf3 cxd4
12. O-O Bc5 13. Ncxd4 d5 14. Rc1 Nxd4 15. Nxd4 Qb6 16. Qd3 Rd8
17. Rfd1 dxc4 18. Qxc4 Bf8 19. h3 Bd7 20. Qc7 Qxc7 21. Rxc7
Nd5 22. Rcc1 Rac8 23. Rxc8 Bxc8 24. Nf3 Be7 25. Ne5 Nf4
26. Rxd8+ Bxd8 27. Bc4 Be6 28. Bxe6 Nxe6 29. Nd3 f6 30. Kf1
Kf7 1/2-1/2

[Event "Women's Olympiad"]
[Site "Dresden GER"]
[Date "2008.11.22"]
[EventDate "2008.11.13"]
[Round "9"]
[Result "1-0"]
[White "Elvira Berend"]
[Black "Elisabeth Paehtz"]
[WhiteElo "2328"]
[BlackElo "2471"]
[PlyCount "53"]

1. e4 e6 2. d3 d5 3. Nd2 Nf6 4. Ngf3 b5 5. e5 Nfd7 6. d4 b4
7. Bd3 c5 8. dxc5 Qc7 9. O-O Nxc5 10. Nb3 Nbd7 11. Re1 a5
12. Bg5 h6 13. Bh4 Qb6 14. Bg3 Be7 15. Bf4 a4 16. Nxc5 Nxc5
17. Be3 Ba6 18. Bxa6 Qxa6 19. Nd4 O-O 20. Qh5 Kh7 21. Rad1 a3
22. b3 Ne4 23. Rd3 f5 24. Bxh6 g6 25. Qh3 Rh8 26. Rxe4 dxe4
27. Rg3 1-0

[Event "10th European Individual Women's Championship"]
[Site "St Petersburg RUS"]
[Date "2009.03.12"]
[EventDate "2009.03.08"]
[Round "5"]
[Result "1-0"]
[White "Elisabeth Paehtz"]
[Black "Irina Zakurdjaeva"]
[WhiteElo "2455"]
[BlackElo "2295"]
[PlyCount "73"]

1. e4 c5 2. Nf3 e6 3. c3 Nc6 4. d4 d5 5. exd5 exd5 6. Bb5 Bd6
7. dxc5 Bxc5 8. O-O Nge7 9. Nbd2 O-O 10. Nb3 Bd6 11. Bd3 h6
12. h3 Re8 13. Re1 Bc7 14. Bc2 Qd6 15. Be3 Bf5 16. Bc5 Qd7
17. Bxe7 Nxe7 18. Nbd4 Bxc2 19. Qxc2 a6 20. Rad1 g6 21. Qd2
Kh7 22. Ne5 Qd6 23. Ndf3 Kg7 24. c4 Rad8 25. Ng4 Nf5 26. cxd5
h5 27. Qc3+ f6 28. Nxf6 Qxf6 29. Qxc7+ Qf7 30. Qc3+ Qf6
31. Qb3 Re7 32. Rxe7+ Qxe7 33. Re1 Qd7 34. Ng5 Rc8 35. Ne6+
Kf6 36. g4 Nd6 37. Qf3+ 1-0

[Event "17th European Team Championship (Women)"]
[Site "Novi Sad SRB"]
[Date "2009.10.23"]
[EventDate "2009.10.22"]
[Round "2"]
[Result "1/2-1/2"]
[White "Zhaoqin Peng"]
[Black "Elisabeth Paehtz"]
[WhiteElo "2407"]
[BlackElo "2482"]
[PlyCount "75"]

1. d4 d5 2. c4 c6 3. Nf3 Nf6 4. e3 Bg4 5. Qb3 Qb6 6. Nc3 e6
7. Nh4 Be7 8. h3 Bh5 9. g4 Bg6 10. Nxg6 hxg6 11. Bg2 Na6
12. Bd2 O-O 13. c5 Qc7 14. Qa4 e5 15. b4 exd4 16. exd4 Qd7
17. b5 Qe6+ 18. Kf1 Nc7 19. bxc6 bxc6 20. Bf4 Qd7 21. Bf3 Ne6
22. Be3 Qc7 23. Qd1 Rad8 24. Ne2 Ne4 25. h4 f5 26. g5 Rb8
27. Qc1 Rb4 28. Nf4 Nxf4 29. Bxf4 Qb7 30. Qe3 Rb2 31. Be2 Re8
32. Re1 Bd8 33. Qh3 Qb4 34. Be3 f4 35. Qd7 Kf8 36. Bc1 Rxe2
37. Rxe2 Qb1 38. Kg2 1/2-1/2

[Event "17th European Team Championship (Women)"]
[Site "Novi Sad SRB"]
[Date "2009.10.28"]
[EventDate "2009.10.22"]
[Round "7"]
[Result "1/2-1/2"]
[White "Alisa Maric"]
[Black "Elisabeth Paehtz"]
[WhiteElo "2405"]
[BlackElo "2482"]
[PlyCount "93"]

1. Nf3 d5 2. d4 Nf6 3. c4 c6 4. e3 Bg4 5. h3 Bh5 6. cxd5 Bxf3
7. Qxf3 cxd5 8. Nc3 Nc6 9. Bd3 e6 10. O-O Bd6 11. Bd2 O-O
12. Rac1 Rc8 13. Qe2 e5 14. dxe5 Bxe5 15. Bb1 Re8 16. Qd3 Bb8
17. Nb5 a6 18. Nd4 Qd6 19. f4 Ne4 20. Bc3 Qd7 21. Nxc6 Rxc6
22. Bd4 Bc7 23. Rxc6 Qxc6 24. Qc2 Qd6 25. Rc1 Bb6 26. Qa4 Rd8
27. Bxe4 dxe4 28. Rc4 h6 29. Qb3 Bxd4 30. Rxd4 Qe7 31. Rxd8+
Qxd8 32. Qxb7 Qd3 33. Qb6 h5 34. a3 h4 35. Qd4 Qb1+ 36. Kf2
Qc2+ 37. Kf1 Kh7 38. Qc3 Qb1+ 39. Kf2 f6 40. Qd2 a5 41. a4 Kh6
42. Qc3 Kg6 43. b3 Qa2+ 44. Kg1 Qb1+ 45. Kf2 Qa2+ 46. Kf1 Qb1+
47. Kf2 1/2-1/2

[Event "Frauenbundesliga 1st Div -11"]
[Site "Germany GER"]
[Date "2010.11.06"]
[EventDate "2010.11.06"]
[Round "1.1"]
[Result "1/2-1/2"]
[White "Elisabeth Paehtz"]
[Black "Viktorija Cmilyte"]
[WhiteElo "2474"]
[BlackElo "2514"]
[PlyCount "122"]

1. e4 c5 2. Nf3 e6 3. c3 d5 4. exd5 exd5 5. d4 Nc6 6. Bb5 Bd6
7. dxc5 Bxc5 8. O-O Ne7 9. Nbd2 O-O 10. Nb3 Bd6 11. Bd3 h6
12. h3 Nf5 13. Bc2 Re8 14. Qd3 g6 15. Qd1 Kg7 16. Qd2 g5
17. Qd3 Qf6 18. Bd2 Be6 19. Rfe1 Rh8 20. Rad1 Rad8 21. a3 a6
22. Nbd4 Nfxd4 23. Nxd4 Nxd4 24. Qxd4 Qxd4 25. cxd4 Rc8
26. Rc1 Bb8 27. Bb3 Ba7 28. Rxc8 Rxc8 29. Bc3 Rc6 30. Kf1 Bb8
31. g4 h5 32. Kg2 hxg4 33. hxg4 Bd6 34. Re3 Bf4 35. Re1 Rb6
36. Ba2 Bd2 37. Bxd2 Rxb2 38. Bxg5 Rxa2 39. Re3 Bxg4 40. Rg3
Bf5 41. Be7+ Bg6 42. Rb3 b5 43. Rc3 Re2 44. Bd6 Kf6 45. Rc6
Kf5 46. Kg3 Re6 47. Rxa6 Ke4 48. Rb6 Kxd4 49. Bc7 Re7 50. Bd6
Rd7 51. Kf4 Rd8 52. Bb4 Bd3 53. Rb7 Bc4 54. Rxf7 Kd3 55. f3 d4
56. Rg7 Re8 57. Rd7 Be6 58. Rd6 Kc4 59. Rc6+ Kb3 60. Rd6 Kc4
61. Rc6+ Kb3 1/2-1/2

[Event "Frauenbundesliga 1st Div -11"]
[Site "Germany GER"]
[Date "2010.11.07"]
[EventDate "2010.11.06"]
[Round "2.1"]
[Result "1/2-1/2"]
[White "Manuela Mader"]
[Black "Elisabeth Paehtz"]
[WhiteElo "2192"]
[BlackElo "2474"]
[PlyCount "57"]

1. e4 c5 2. c3 d5 3. exd5 Qxd5 4. d4 g6 5. Be3 cxd4 6. cxd4
Nf6 7. Nc3 Qa5 8. Bc4 Bg7 9. Nf3 O-O 10. O-O Nbd7 11. Qd2 Qb4
12. Bb3 a5 13. Ne5 e6 14. h3 Nb6 15. Nd3 Qe7 16. d5 Qd8
17. dxe6 Bxe6 18. Bxe6 fxe6 19. Bg5 h6 20. Bxf6 Qxf6 21. Qe2
Nd5 22. Ne4 Qe7 23. Nec5 Rae8 24. Rae1 Rf6 25. Qg4 Kh7 26. Ne4
Rff8 27. Nec5 Rf6 28. Ne4 Rff8 29. Nec5 1/2-1/2

[Event "Women's World Chess Championship"]
[Site "Antakya TUR"]
[Date "2010.12.05"]
[EventDate "2010.12.04"]
[Round "1.2"]
[Result "1/2-1/2"]
[White "Jolanta Zawadzka"]
[Black "Elisabeth Paehtz"]
[WhiteElo "2368"]
[BlackElo "2474"]
[PlyCount "128"]

1. e4 c6 2. d4 d5 3. e5 c5 4. dxc5 Nc6 5. Bb5 e6 6. Be3 Ne7
7. Nf3 Nf5 8. Qd2 Nxe3 9. Qxe3 Qa5+ 10. Nc3 a6 11. Bxc6+ bxc6
12. O-O Bxc5 13. Qg5 O-O 14. Ne2 Qd8 15. Qd2 a5 16. Nf4 Rb8
17. b3 Be7 18. Rad1 a4 19. Qe3 Qb6 20. Nd4 c5 21. Nde2 Ba6
22. Rfe1 c4 23. Nd4 cxb3 24. cxb3 axb3 25. axb3 Bc5 26. Nh5
Kh8 27. Nxg7 Bxd4 28. Rxd4 Qxb3 29. Qxb3 Rxb3 30. Nh5 Bd3
31. Nf6 Rfb8 32. h4 R8b4 33. Rxb4 Rxb4 34. Re3 Bb1 35. Rc3 Rb8
36. Rc7 Kg7 37. Rd7 h6 38. g4 Bc2 39. f4 Ba4 40. Ra7 Bb5
41. Kf2 d4 42. f5 exf5 43. gxf5 Bc4 44. Rd7 d3 45. Kf3 Bb5
46. Rd4 Rc8 47. Ne4 Rc1 48. Ng3 Re1 49. Kf4 Rc1 50. Rd8 Rc4+
51. Kf3 Bc6+ 52. Ke3 Rxh4 53. f6+ Kg6 54. Rg8+ Kh7 55. Rg7+
Kh8 56. Rxf7 Rg4 57. Nh5 Re4+ 58. Kxd3 Rxe5 59. Nf4 Ra5
60. Rc7 Ba8 61. Kd4 Bf3 62. Rc8+ Kh7 63. Rc7+ Kg8 64. Rc8+ Kf7
1/2-1/2

[Event "Turkish Bank Chess League"]
[Site "Konya TUR"]
[Date "2012.07.14"]
[EventDate "2012.07.11"]
[Round "4"]
[Result "1-0"]
[White "Vugar Rasulov"]
[Black "Elisabeth Paehtz"]
[WhiteElo "2515"]
[BlackElo "2493"]
[PlyCount "121"]

1. e4 e5 2. Nf3 Nc6 3. Bb5 a6 4. Ba4 Nf6 5. O-O Be7 6. Re1 b5
7. Bb3 d6 8. c3 O-O 9. h3 Na5 10. Bc2 c5 11. d4 Nd7 12. Nbd2
exd4 13. cxd4 Nc6 14. Nf1 Bb7 15. Ne3 Bf6 16. Nf5 Nxd4
17. N3xd4 cxd4 18. Nxd6 Bc6 19. f4 Qb6 20. Kh1 g6 21. e5 Be7
22. b4 Bxd6 23. exd6 Rae8 24. Bb2 d3 25. Bxd3 Qf2 26. Re2 Qxf4
27. Qc1 Qxd6 28. Qc3 f6 29. Rd1 Qc7 30. Rc2 Nb8 31. Rf2 Qc8
32. Bc2 Nd7 33. Bb3+ Kg7 34. Rd6 Ne5 35. Rc2 Qf5 36. Rxc6 Nxc6
37. Qxc6 Re1+ 38. Kh2 Qf4+ 39. g3 Qf1 40. Qb7+ Kh6 41. Qg2
Qxg2+ 42. Kxg2 Re4 43. Kf3 Rfe8 44. h4 Re1 45. Kf2 Rh1 46. Kg2
Ree1 47. Bd4 g5 48. Bf2 Rc1 49. hxg5+ fxg5 50. Rd2 Kg6
51. Rd6+ Kf5 52. Rd5+ Kg6 53. Be3 Rce1 54. Rxg5+ Kf6 55. Rc5
Rb1 56. Rc6+ Ke5 57. Rxa6 Rhe1 58. Bf2 Rec1 59. Re6+ Kf5
60. Re2 Ra1 61. Bd4 1-0

[Event "Turkish Bank Chess League"]
[Site "Konya TUR"]
[Date "2012.07.16"]
[EventDate "2012.07.11"]
[Round "6"]
[Result "1/2-1/2"]
[White "Elisabeth Paehtz"]
[Black "Ekaterina Polovnikova-Atalik"]
[WhiteElo "2493"]
[BlackElo "2448"]
[PlyCount "65"]

1. e4 e5 2. Nf3 Nc6 3. Bb5 Nf6 4. d3 d6 5. O-O Be7 6. c3 O-O
7. Re1 h6 8. Nbd2 a6 9. Ba4 b5 10. Bc2 Re8 11. a4 Rb8 12. axb5
axb5 13. d4 Bf8 14. h3 g6 15. Nf1 Bg7 16. Ng3 Nd7 17. Be3 Nb6
18. b3 exd4 19. Nxd4 Nxd4 20. cxd4 Bb7 21. Bd3 b4 22. Rc1 Nd7
23. Qd2 c5 24. Bb5 Bxe4 25. Bxd7 Qxd7 26. Bxh6 Bxh6 27. Qxh6
Ba8 28. Nh5 gxh5 29. Qg5+ Kh7 30. Qxh5+ Kg7 31. Qg5+ Kh7
32. Qh5+ Kg7 33. Qg5+ 1/2-1/2

[Event "Turkish Bank Chess League"]
[Site "Konya TUR"]
[Date "2012.07.18"]
[EventDate "2012.07.11"]
[Round "8"]
[Result "1/2-1/2"]
[White "Elisabeth Paehtz"]
[Black "Mariya Muzychuk"]
[WhiteElo "2493"]
[BlackElo "2456"]
[PlyCount "35"]

1. e4 c5 2. Nf3 e6 3. d4 cxd4 4. Nxd4 Nf6 5. Nc3 Nc6 6. a3 d5
7. Bb5 Bd7 8. exd5 exd5 9. O-O Be7 10. h3 O-O 11. Nf3 Bf5
12. Be3 d4 13. Nxd4 Nxd4 14. Qxd4 Bxc2 15. Rac1 Bb3 16. Qxd8
Rfxd8 17. Be2 Nd5 18. Nxd5 1/2-1/2

[Event "Turkish Bank Chess League"]
[Site "Konya TUR"]
[Date "2012.07.18"]
[EventDate "2012.07.11"]
[Round "9"]
[Result "1/2-1/2"]
[White "Anastasia Savina"]
[Black "Elisabeth Paehtz"]
[WhiteElo "2304"]
[BlackElo "2493"]
[PlyCount "75"]

1. d4 g6 2. c4 Bg7 3. e4 d6 4. Nc3 Nf6 5. Nf3 O-O 6. h3 e5
7. d5 Nh5 8. g3 f5 9. exf5 gxf5 10. Ng5 Nf6 11. g4 Qe7
12. gxf5 Bxf5 13. Be3 Na6 14. Rg1 c6 15. h4 Kh8 16. h5 Nb4
17. Rc1 Bh6 18. a3 Na6 19. b4 Nc7 20. Bd3 Bd7 21. Nxh7 Rg8
22. Rg6 Rxg6 23. hxg6 Bxe3 24. Nxf6 Qxf6 25. Qh5+ Kg7 26. Qh7+
Kf8 27. fxe3 Qg7 28. Kd2 Qxh7 29. gxh7 Kg7 30. Rg1+ Kh8
31. Ne4 cxd5 32. Nxd6 e4 33. Nf7+ Kxh7 34. Ng5+ Kh6 35. Nf7+
Kh7 36. Ng5+ Kh6 37. Nf7+ Kh7 38. Ng5+ 1/2-1/2

[Event "Turkish Bank Chess League"]
[Site "Konya TUR"]
[Date "2012.07.20"]
[EventDate "2012.07.11"]
[Round "11"]
[Result "1/2-1/2"]
[White "Elisabeth Paehtz"]
[Black "Can Ertan"]
[WhiteElo "2493"]
[BlackElo "2256"]
[PlyCount "119"]

1. e4 e5 2. Nf3 Nc6 3. Bb5 a6 4. Ba4 Nf6 5. d3 Bc5 6. c3 b5
7. Bb3 O-O 8. Qe2 d6 9. Bg5 h6 10. Bh4 Be6 11. Nbd2 Bb6
12. Bc2 Re8 13. h3 d5 14. g4 d4 15. Rg1 dxc3 16. bxc3 Ba5
17. Nb1 Rb8 18. a3 Nd4 19. Nxd4 exd4 20. Kf1 dxc3 21. Qf3 g5
22. Bg3 Qd4 23. Qe3 Qxe3 24. fxe3 Nd7 25. Be1 Ne5 26. Ke2 c5
27. Nxc3 Red8 28. Nd5 Bxe1 29. Nf6+ Kg7 30. Nh5+ Kf8 31. Raxe1
a5 32. Ng3 b4 33. axb4 axb4 34. Nf5 b3 35. Bb1 b2 36. Rd1 Rb3
37. d4 Bxf5 38. gxf5 Nc4 39. Rd3 Ra3 40. Rxa3 Nxa3 41. dxc5
Nb5 42. Kf3 Nc3 43. c6 Rc8 44. Rg2 Nxb1 45. Rxb2 Na3 46. Rb4
Rxc6 47. e5 Kg7 48. Rb8 Rc7 49. Ke4 Nc4 50. f6+ Kh7 51. Re8
Na3 52. Kf5 Nb5 53. Rd8 Rc5 54. Rd7 Kg8 55. Rd8+ Kh7 56. Rd7
Kg8 57. Rd8+ Kh7 58. Rd7 Rc7 59. Rd8 Rc5 60. Ke4 1/2-1/2

[Event "Turkish Bank Chess League"]
[Site "Konya TUR"]
[Date "2012.07.21"]
[EventDate "2012.07.11"]
[Round "12"]
[Result "1-0"]
[White "Elisabeth Paehtz"]
[Black "Zehra Topel"]
[WhiteElo "2493"]
[BlackElo "2226"]
[PlyCount "115"]

1. e4 c5 2. Nf3 d6 3. c3 Nf6 4. h3 Nc6 5. Bd3 e5 6. Bc2 Qc7
7. d3 g6 8. Na3 a6 9. Bg5 Bg7 10. Nc4 Be6 11. Ne3 O-O 12. O-O
h6 13. Bh4 Rae8 14. Bb3 Na5 15. Bxf6 Bxf6 16. Bd5 Bg7 17. b4
Nc6 18. bxc5 dxc5 19. a4 Kh7 20. Rb1 f5 21. Bxe6 Rxe6 22. Qb3
Nd8 23. Nd5 Qc8 24. Nd2 Rf7 25. Qc4 f4 26. Rb2 g5 27. f3 h5
28. Kf2 Rg6 29. Rh1 Bf8 30. a5 Kg7 31. Nb6 Qc7 32. Qd5 Nc6
33. Ndc4 g4 34. hxg4 hxg4 35. Rh5 g3+ 36. Ke2 Re7 37. Rb1 Ree6
38. Rb2 Re7 39. Rb1 Ree6 40. Rbh1 Kf7 41. Rf5+ Kg7 42. Rfh5
Kf7 43. Nd7 Ne7 44. Ncxe5+ Ke8 45. Qa2 c4 46. d4 Rh6 47. Nxf8
Rxe5 48. Qa4+ Kxf8 49. Rxh6 Rxa5 50. Rh8+ Kg7 51. R1h7+ Kf6
52. Rh6+ Ng6 53. Rxg6+ Kxg6 54. Rh1 Kg7 55. Rh8 Kg6 56. Qe8+
Qf7 57. Rg8+ Kf6 58. e5+ 1-0

[Event "SportAccord World Mind Games (Women's Blindfold)"]
[Site "Beijing CHN"]
[Date "2012.12.18"]
[EventDate "2012.12.18"]
[Round "4.8"]
[Result "1-0"]
[White "Elisabeth Paehtz"]
[Black "Monika (Bobrowska) Socko"]
[WhiteElo "2482"]
[BlackElo "2445"]
[PlyCount "86"]

1. e4 e6 2. d4 d5 3. Nc3 Bb4 4. Ne2 dxe4 5. a3 Be7 6. Nxe4 Nf6
7. Nxf6+ Bxf6 8. Be3 Nd7 9. Qd2 O-O 10. O-O-O Nb6 11. Nc3 Bd7
12. Bd3 Bc6 13. f3 Nd5 14. Nxd5 Bxd5 15. Kb1 b5 16. Bxb5 Rb8
17. c4 Qe7 18. Qb4 Qxb4 19. axb4 Be7 20. Bf4 Bd6 21. Bxd6 cxd6
22. b3 Bb7 23. Kb2 a6 24. Ba4 Rfc8 25. Ra1 Rc7 26. Rhc1 Kf8
27. b5 Bc8 28. bxa6 Bxa6 29. c5 Ke7 30. Ka3 d5 31. Kb2 f6
32. Re1 e5 33. f4 e4 34. Kc3 Ke6 35. Bd7+ Rxd7 36. Rxa6+ Kf5
37. g3 Kg4 38. b4 Rdb7 39. Rb1 e3 40. Re6 Kf3 41. c6 Rb6
42. c7 Rxe6 43. cxb8=Q e2 1-0

[Event "SportAccord World Mind Games (Women's Blindfold)"]
[Site "Beijing CHN"]
[Date "2012.12.19"]
[EventDate "2012.12.18"]
[Round "5.6"]
[Result "1/2-1/2"]
[White "Elisabeth Paehtz"]
[Black "Elina Danielian"]
[WhiteElo "2482"]
[BlackElo "2476"]
[PlyCount "120"]

1. e4 c6 2. d4 d5 3. Nc3 dxe4 4. Nxe4 Nf6 5. Nxf6+ gxf6 6. Nf3
Bg4 7. c3 Nd7 8. Be2 Qc7 9. Qb3 e6 10. Be3 Bd6 11. g3 a5
12. a4 Nb6 13. c4 Bb4+ 14. Kf1 Bh3+ 15. Kg1 Nd7 16. Ne1 c5
17. d5 Bxe1 18. Rxe1 e5 19. Bf3 Ra6 20. Qc2 Kd8 21. Be4 h5
22. Bd2 Kc8 23. f3 Kb8 24. Kf2 Nb6 25. b3 Nc8 26. Bf5 Bxf5
27. Qxf5 Nd6 28. Qc2 Qd7 29. Be3 b6 30. h3 Kb7 31. g4 Raa8
32. Ke2 f5 33. g5 Rae8 34. Kd2 f4 35. Bf2 h4 36. Kc1 Qf5
37. Reg1 Qxc2+ 38. Kxc2 e4 39. fxe4 Rxe4 40. Re1 Kc7 41. Kd3
Rxe1 42. Rxe1 Kd7 43. Rg1 Re8 44. Rg4 f3 45. Rf4 Re2 46. Rxf3
Rb2 47. Bxh4 Rxb3+ 48. Ke2 Rxf3 49. Kxf3 Nxc4 50. Bg3 Nd2+
51. Kf4 c4 52. h4 b5 53. h5 b4 54. h6 b3 55. h7 b2 56. h8=Q
b1=Q 57. Qh3+ Kd8 58. Qh8+ Kd7 59. Qh3+ Kd8 60. Qh8+ Kd7
1/2-1/2

[Event "SportAccord World Mind Games (Women's Blindfold)"]
[Site "Beijing CHN"]
[Date "2012.12.19"]
[EventDate "2012.12.18"]
[Round "6.6"]
[Result "1/2-1/2"]
[White "Pia Cramling"]
[Black "Elisabeth Paehtz"]
[WhiteElo "2516"]
[BlackElo "2482"]
[PlyCount "91"]

1. d4 g6 2. e4 c6 3. c4 d5 4. exd5 cxd5 5. cxd5 Nf6 6. Bc4 Bg7
7. Nc3 O-O 8. Nf3 Nbd7 9. O-O Nb6 10. Qb3 Bf5 11. Bg5 Rc8
12. Bxf6 Bxf6 13. Be2 Qd6 14. Rac1 Rcd8 15. Rfe1 a6 16. Ne5
Nxd5 17. Nxd5 Qxd5 18. Bc4 Qxd4 19. Nxf7 b5 20. Nh6+ Kg7
21. Nxf5+ gxf5 22. Bf1 Kh8 23. Rc6 Qd2 24. Re2 Qd1 25. Rce6
Qxb3 26. axb3 Rd1 27. Re1 Rxe1 28. Rxe1 Rd8 29. g3 Rd2 30. Re2
Rxe2 31. Bxe2 Bxb2 32. Bf3 a5 33. Bc6 b4 34. Bd7 f4 35. gxf4
Bc1 36. f5 Kg7 37. Kg2 Kf6 38. Kf3 Ke5 39. Ke2 Kd6 40. Be8 Ke5
41. Bd7 Bf4 42. h3 Kd6 43. Be8 Ke5 44. Bd7 Kd6 45. Be8 Ke5
46. Bd7 1/2-1/2

[Event "SportAccord World Mind Games (Women's Blindfold)"]
[Site "Beijing CHN"]
[Date "2012.12.19"]
[EventDate "2012.12.18"]
[Round "7.8"]
[Result "1-0"]
[White "Elisabeth Paehtz"]
[Black "Bela Khotenashvili"]
[WhiteElo "2482"]
[BlackElo "2504"]
[PlyCount "101"]

1. e4 c6 2. Nc3 d5 3. Qe2 g6 4. exd5 cxd5 5. Qb5+ Nc6 6. Qxd5
Bd7 7. Bc4 e6 8. Qe4 Nf6 9. Qe2 Nd4 10. Qd1 Bc6 11. Nf3 Nxf3+
12. gxf3 Bc5 13. Qe2 Nh5 14. d3 O-O 15. Be3 Be7 16. O-O-O Qc7
17. Ne4 b5 18. Bb3 a5 19. a3 a4 20. Ba2 Rfc8 21. Kb1 b4
22. axb4 Bxb4 23. c4 Rcb8 24. Rc1 Qe5 25. Rc2 a3 26. d4 Qf5
27. Rg1 Be7 28. b3 Bxe4 29. fxe4 Qxe4 30. Qxh5 Bf6 31. Qd1 Rb7
32. Rg4 Qc6 33. Rf4 Bg7 34. Qf3 Qa6 35. Kc1 Rd8 36. h4 h5
37. Rf6 Qa5 38. Bd2 Qa7 39. Bc3 Rbd7 40. c5 Qa6 41. Kb1 Rxd4
42. Bxd4 Rxd4 43. Rxf7 Qf1+ 44. Rc1 Qb5 45. Rxg7+ Kxg7 46. Qc3
e5 47. c6 Qe2 48. b4 Rd3 49. Qc2 Rd2 50. Qc4 Rb2+ 51. Ka1 1-0

[Event "SportAccord World Mind Games (Women, Rapid)"]
[Site "Beijing CHN"]
[Date "2013.12.05"]
[EventDate "2013.12.4"]
[Round "6.5"]
[Result "0-1"]
[White "Viktorija Cmilyte"]
[Black "Elisabeth Paehtz"]
[WhiteElo "2514"]
[BlackElo "2452"]
[PlyCount "72"]

1. d4 d6 2. g3 g6 3. Bg2 Bg7 4. Nf3 Nf6 5. c4 O-O 6. O-O c6
7. Nc3 Qb6 8. b3 e5 9. d5 cxd5 10. cxd5 Na6 11. Nd2 Nc5
12. Nc4 Qa6 13. a4 Bd7 14. Be3 Rfc8 15. Na3 Ng4 16. Bd2 e4
17. Nab5 e3 18. fxe3 Bxb5 19. axb5 Qb6 20. h3 Ne5 21. Kh2 a6
22. e4 axb5 23. Rxa8 Rxa8 24. Be3 Qa5 25. Qc2 b4 26. Nb1 Qa2
27. Qxa2 Rxa2 28. Bd2 b6 29. Re1 Rb2 30. Bxb4 Rxb3 31. Bd2 h5
32. Rc1 Rb2 33. Kg1 b5 34. Kf1 Nc4 35. Bf4 Nb3 36. Rd1 Rxb1
0-1

[Event "SportAccord World Mind Games (Women, Rapid)"]
[Site "Beijing CHN"]
[Date "2013.12.12"]
[EventDate "2013.12.12"]
[Round "3.1"]
[Result "0-1"]
[White "Elisabeth Paehtz"]
[Black "Valentina Gunina"]
[WhiteElo "2452"]
[BlackElo "2509"]
[PlyCount "118"]

1. d4 d5 2. c4 c6 3. cxd5 cxd5 4. Nc3 Nf6 5. Bf4 Bf5 6. e3 Nc6
7. Qb3 Na5 8. Qa4+ Bd7 9. Bb5 Nc6 10. Qb3 e6 11. Nf3 Be7
12. h3 O-O 13. O-O a6 14. Bd3 b5 15. Ne5 Nxe5 16. Bxe5 Bc6
17. Qc2 g6 18. Rac1 Rc8 19. Qe2 Qb6 20. Qf3 Nd7 21. Bf4 b4
22. Ne2 Bb5 23. Bxb5 Qxb5 24. Bh6 Rfe8 25. Nf4 Bf8 26. Bxf8
Nxf8 27. Qe2 Qa5 28. b3 Nd7 29. Nd3 Qb5 30. Qd2 Nf6 31. f3 a5
32. Rc2 Nd7 33. Rfc1 Rxc2 34. Rxc2 Qb6 35. Qc1 Kg7 36. Rc7 Qb5
37. Qc2 h5 38. h4 Rb8 39. Kf2 Rb7 40. Rc8 Ra7 41. Ke2 a4
42. Qc6 Qa5 43. bxa4 Nb6 44. Rb8 Nd7 45. Rxb4 Rc7 46. Qb5 Qa8
47. Rb2 Qd8 48. g3 Rc4 49. a5 Qc7 50. Kf2 e5 51. Nxe5 Nxe5
52. dxe5 Rc1 53. Kg2 Qc3 54. Qe2 d4 55. Qd2 Qc4 56. Qe2 d3
57. Qd2 Rc2 58. Kf2 Rxb2 59. Qxb2 Qc2+ 0-1

[Event "SportAccord World Mind Games (Women, Rapid)"]
[Site "Beijing CHN"]
[Date "2013.12.12"]
[EventDate "2013.12.12"]
[Round "4.3"]
[Result "1-0"]
[White "Nana Dzagnidze"]
[Black "Elisabeth Paehtz"]
[WhiteElo "2557"]
[BlackElo "2452"]
[PlyCount "169"]

1. c4 d6 2. Nc3 g6 3. g3 Bg7 4. Bg2 e5 5. Rb1 f5 6. d3 Nf6
7. b4 O-O 8. Nf3 h6 9. Nd2 Nc6 10. O-O g5 11. Nd5 Nxd5
12. cxd5 Ne7 13. Bb2 f4 14. Rc1 Bg4 15. Nb3 b6 16. Rc4 Qd7
17. Qc2 Rac8 18. Rc1 f3 19. exf3 Bxf3 20. Bxf3 Rxf3 21. Nd2
Rf7 22. Rxc7 Rxc7 23. Qxc7 Qxc7 24. Rxc7 Nxd5 25. Rc8+ Rf8
26. Rxf8+ Bxf8 27. a3 Nc7 28. h3 Kf7 29. Kg2 Bg7 30. Nc4 Ke6
31. Ne3 d5 32. g4 Bf8 33. Kf3 a5 34. bxa5 bxa5 35. a4 Na6
36. Nf5 h5 37. d4 e4+ 38. Ke2 hxg4 39. hxg4 Nb8 40. Bc1 Kf6
41. Ne3 Ke6 42. Nf5 Kf6 43. Ne3 Ke6 44. f3 Nc6 45. Nf5 exf3+
46. Kxf3 Kf6 47. Ke2 Bb4 48. Kd3 Bf8 49. Bd2 Bb4 50. Bc1 Bf8
51. Ne3 Ke6 52. Nc2 Be7 53. Ne1 Nd8 54. Bd2 Nc6 55. Nf3 Nb4+
56. Bxb4 axb4 57. Kc2 Kd6 58. Ne5 Kc7 59. a5 Kb7 60. Kb3 Ka6
61. Nc6 Bd6 62. Nxb4+ Kxa5 63. Nxd5 Kb5 64. Nc3+ Kc6 65. Kc4
Bf4 66. Ne4 Be3 67. Ng3 Bc1 68. Nf5 Bb2 69. d5+ Kd7 70. Kd3
Ba1 71. Ke4 Bb2 72. Nh6 Ke7 73. Nf5+ Kf6 74. Ne3 Ba1 75. Nf5
Bb2 76. Nd4 Ba3 77. Nf3 Bb2 78. Kd3 Bc1 79. Kc4 Ke7 80. Kc5
Be3+ 81. Kc6 Bf4 82. Nd4 Bd2 83. d6+ Kf6 84. Kd5 Bf4 85. Ne6
1-0

[Event "SportAccord World Mind Games (Women, Blitz)"]
[Site "Beijing CHN"]
[Date "2013.12.14"]
[EventDate "2013.12.14"]
[Round "5.2"]
[Result "1-0"]
[White "Elisabeth Paehtz"]
[Black "Pia Cramling"]
[WhiteElo "2452"]
[BlackElo "2525"]
[PlyCount "95"]

1. d4 Nf6 2. Nf3 e6 3. Bf4 b6 4. e3 Bb7 5. Bd3 c5 6. c3 d6
7. h3 Nbd7 8. Nbd2 Be7 9. Bg3 O-O 10. O-O a6 11. a4 cxd4
12. exd4 Re8 13. Qe2 Qc7 14. Nc4 Nd5 15. Ne3 N7f6 16. Nd2 Nxe3
17. fxe3 Qd7 18. e4 Bc6 19. Nc4 Qd8 20. e5 dxe5 21. dxe5 Nd5
22. Rxf7 Bc5+ 23. Kh2 Qg5 24. Raf1 Rf8 25. Rxf8+ Rxf8
26. Rxf8+ Bxf8 27. Qe4 g6 28. Nd6 Ne7 29. Qe2 Bxa4 30. Ne4 Qc1
31. Nf6+ Kg7 32. Qf2 Qd1 33. Bc4 Nf5 34. Bxe6 Bc5 35. Qe1 Qd3
36. Bxf5 Qxf5 37. Qd2 Qf1 38. Bf4 Bc6 39. Bh6+ Kf7 40. Kg3 Qb1
41. Be3 Bxe3 42. Qxe3 Qxb2 43. Ne4 Qc2 44. Qf4+ Ke8 45. Nd6+
Kd8 46. Qf8+ Kd7 47. Qe8+ Kc7 48. Qc8# 1-0